युवाभगवद्गीता / (Record no. 58494)
[ view plain ]
| 000 -LEADER | |
|---|---|
| fixed length control field | 01375nam a22002537a 4500 |
| 005 - DATE AND TIME OF LATEST TRANSACTION | |
| control field | 20111102142633.0 |
| 008 - FIXED-LENGTH DATA ELEMENTS--GENERAL INFORMATION | |
| fixed length control field | 111102t xxu||||| |||| 00| 0 mar d |
| 010 ## - LCCN (DPL NO) | |
| LC control number | MAR-21584 |
| 020 ## - INTERNATIONAL STANDARD BOOK NUMBER | |
| Terms of availability | 120.00 |
| 035 ## - SYSTEM CONTROL NUMBER | |
| System control number | MR-14242 |
| 037 ## - SOURCE OF ACQUISITION | |
| Source of stock number/acquisition | DBAD / PUB |
| 040 ## - CATALOGING SOURCE | |
| Original cataloging agency | DPL |
| Language of cataloging | MR |
| 082 ## - DEWEY DECIMAL CLASSIFICATION NUMBER | |
| Classification number | 294.5924 |
| 100 ## - MAIN ENTRY--PERSONAL NAME | |
| 9 (RLIN) | 35655 |
| 245 ## - TITLE STATEMENT | |
| Title | युवाभगवद्गीता / |
| Statement of responsibility, etc | अनंत गणेश आपटे तथा प्रियंवदा अरविंद जोशी द्वारा संपादित |
| 246 ## - VARYING FORM OF TITLE | |
| Title proper/short title | Yuvabhagvadgita |
| Remainder of title | edited by Anant Ganesh Apte and Priyanvada Arvind Joshi |
| 260 ## - PUBLICATION, DISTRIBUTION, ETC. (IMPRINT) | |
| Place of publication, distribution, etc | पुणे |
| Name of publisher, distributor, etc | ईशा प्रकाशन |
| Date of publication, distribution, etc | 2011 |
| 270 ## - ADDRESS | |
| Address | 1981सदाशिव पेठ,फ्ल्ॅट नं. 14,बी विंग,2 सरा मजला,हरिनारायण स्मृती,चिमण्या गणपति चौक, |
| City | पुणे |
| Postal code | 411030 |
| 300 ## - PHYSICAL DESCRIPTION | |
| Extent | 123पृ. |
| Dimensions | 22सेमी(अजिल्द) |
| 700 ## - ADDED ENTRY--PERSONAL NAME | |
| Personal name | आपटे,अनंत गणेश |
| 9 (RLIN) | 35912 |
| 700 ## - ADDED ENTRY--PERSONAL NAME | |
| Personal name | जोशी,प्रियंवदा अरविंद |
| 9 (RLIN) | 35913 |
| 942 ## - ADDED ENTRY ELEMENTS (KOHA) | |
| Source of classification or shelving scheme | Dewey Decimal Classification |
| Item type | Marathi Books |
| Call number suffix | युवाभ |
| Classification part | 294.5924 |
| Withdrawn status | Lost status | Source of classification or shelving scheme | Damaged status | Not for loan | Collection code | Home library | Current library | Date acquired | Source of acquisition | Cost, normal purchase price | Total Checkouts | Full call number | Barcode | Date last seen | Copy number | Cost, replacement price | Koha item type |
|---|---|---|---|---|---|---|---|---|---|---|---|---|---|---|---|---|---|
| Dewey Decimal Classification | Not For Loan | Non-fiction | D.B.Act.Division | D.B.Act.Division | 17/11/2011 | DBAD / PUB | 120.00 | 294.5924 युवाभ | MR-14242 | 17/11/2011 | 1 | 120.00 | Marathi Books |
